| 000 | 01051na a2200277 4500 | ||
|---|---|---|---|
| 001 | 21311 | ||
| 003 | MIRAKIL | ||
| 005 | 20181213154809.0 | ||
| 008 | 170203b tu 000 0 | ||
| 020 | _a9756889047 | ||
| 035 | _a15247 | ||
| 040 |
_aMilas _btur _cTR-AnCHP |
||
| 041 | _atur | ||
| 082 |
_aCHP 324.2172 _bC85c 1999 |
||
| 090 | _aCHP 324.2372 C85c 1999 | ||
| 111 |
_aCumhuriyet Halk Partisi Paneli _cÇankaya Belediyesi Çağdaş Sanatlar Müzesi, Ankara _d16 Haziran 1999 |
||
| 245 |
_a"Cumhuriyet Halk Partisi" Paneli _c[Düzenleyen] Mülkiyeliler Birliği Genel Merkezi ; Yöneten Hasan Tahsin Benli; konuşmacılar Prof. Dr. Ayşe Ayata, Prof. Dr. Alparsaln Işıklı, Prof. Dr. Yakup Kepenek |
||
| 246 | _aCHP paneli | ||
| 260 |
_aAnkara _bMülkiyeliler Birliği Genel Merkezi _c1999 |
||
| 300 |
_a55 s. _c23 sm. |
||
| 440 |
_aMülkiyeliler Birliği Genel Merkezi _v3 |
||
| 610 | _aCumhuriyet Halk Partisi (CHP) | ||
| 651 |
_aTürkiye _xToplantılar _yCHP |
||
| 710 | _aMülkiyeliler Birliği Genel Merkezi | ||
| 942 |
_2ddc _cBKS |
||
| 999 |
_c1025 _d1025 |
||